000 00688nam a2200193Ia 4500
008 151121s9999||||xx |||||||||||||| ||und||
082 _a811/भागव
082 _bHNW-39937
100 _aभागवत दुर्गा
245 _aसत्यं शिवं सुंदरम
260 _b"वरदा बुक्स सेनापती बापट मार्ग , पुणे"
260 _c--
300 _a87
600 _aभागवत दुर्गा
630 _aसत्यं शिवं सुंदरम
700 _aभागवत दुर्गा
730 _aसत्यं शिवं सुंदरम
942 _cBOOK
999 _c1229777
_d1229774